HIV DISEASE IN INDIA (Record no. 3072)

MARC details
000 -LEADER
fixed length control field 00399nam a2200181Ia 4500
003 - CONTROL NUMBER IDENTIFIER
control field SGT
005 - DATE AND TIME OF LATEST TRANSACTION
control field 20250812105041.0
008 - FIXED-LENGTH DATA ELEMENTS--GENERAL INFORMATION
fixed length control field 150201s2000 xx 000 0 und d
040 ## - CATALOGING SOURCE
Transcribing agency SGT
082 ## - DEWEY DECIMAL CLASSIFICATION NUMBER
Classification number 610
Item number H2000R
100 ## - MAIN ENTRY--PERSONAL NAME
Personal name RAGAS
245 ## - TITLE STATEMENT
Title HIV DISEASE IN INDIA
250 ## - EDITION STATEMENT
Edition statement 1ST
260 ## - PUBLICATION, DISTRIBUTION, ETC. (IMPRINT)
Name of publisher, distributor, etc. WRIGHT PUBLICATION
Place of publication, distribution, etc. MADRAS
Date of publication, distribution, etc. 2000
300 ## - PHYSICAL DESCRIPTION
Extent Jan-80
650 ## - SUBJECT ADDED ENTRY--TOPICAL TERM
Topical term or geographic name as entry element MEDICINE
942 ## - ADDED ENTRY ELEMENTS (KOHA)
Source of classification or shelving scheme Dewey Decimal Classification
Koha item type Books
Holdings
Withdrawn status Lost status Source of classification or shelving scheme Damaged status Not for loan Home library Current library Date acquired Source of acquisition Serial Enumeration / chronology SGTU Bill Number Full call number Barcode Date last seen Bill Date Koha item type
Withdrawn   Dewey Decimal Classification     SGT Dental Library SGT Dental Library 21/02/2005 RAGOS DENTAL COLLEGE 1 SGTU 268 610 H2000R FD2966 09/02/2015 02/04/2012 Books